Fnaf 1 all charaters - Statistics

General Stats
  • This quiz has been taken 29 times
  • The average score is 8 of 9
Answer Stats
Hint Answer % Correct
Guitar Bonnie
100%
Pizzzzzzzzza Chica
100%
Main Freddy
100%
Yaaar Foxy
96%
....screams!! Golden Freddy
89%
Yaps Phone guy
89%
Night guard Mike Schmidt
71%
Don't eat me chica Carl/Mr. Cupcake
57%
Parts and service Endo 01
54%
No matching quizzes found
Score Distribution
Percent of People with Each Score
Percentile by Number Answered
Your Score History
You have not taken this quiz